000 00425nam a2200145Ia 4500
008 090124s9999 xx 000 0 und d
082 _b400756
245 _a राजपुत्र राजीव
250 _a1
260 _bमहाजन जगन्नाथ
_c1978
300 _a32
630 _a राजपुत्र राजीव
730 _a राजपुत्र राजीव
942 _cBOOK
999 _c196677
_d196677